| 000 | 00344nam a22001337a 4500 | ||
|---|---|---|---|
| 082 |
_a297.122 _bALI |
||
| 100 | _aAbdullah Yusuf Ali | ||
| 245 |
_aThe Holy Quran / _cAbdullah Yusuf Ali |
||
| 260 |
_aLahore: _bIslamic Propagation Centre; _c1946. |
||
| 300 | _a1862p | ||
| 563 | _aHB | ||
| 650 |
_aQuran Majeed _9104401 |
||
| 942 |
_2ddc _cREF |
||
| 999 |
_c603144 _d603144 |
||